000 01137nam0a22002531 4500
001 rc\124839
005 20021216140546.6
035 _a(NLR Aleph) 005381184
090 _a7102427
_c7102427
100 _a20021216d1994 u |0rusy50 ca
101 0 _arus
102 _aRU
105 _ay |||||||||
200 1 _aСОВРЕМЕННЫЕ формы организации учебного процесса в школе
_eМетод. рекомендации для студентов педвузов и учителей шк.
_fМ-во образования Рос. Федерации. Магнитог. гос. пед. ин-т. Каф. педагогики
_g[Сост.: к. п. н., доц. В.А. Беликов]
210 _aМагнитогорск
_cИзд-во МГПИ
_d1994
215 _a17 с.
_d19
320 _aБиблиогр.: с. 17
702 1 _aБеликов
_bВ. А.
_gВладимир Александрович
_4220
712 0 2 _aМагнитогорский пед. ин-т
_3RU\NLR\AUTH\889929820
801 0 _aRU
_bNLR
_gpsbo
801 1 _aRU
_bELAR
_2rusmarc
852 _aNLR
_j95-4/9218
942 _cBOOK
980 _aNB